000 01200nam a22002657a 4500
005 20170124103152.0
010 _aA-923605
020 _c250.00
_a8185829691
035 _aA-923605
037 _bCen Lib/Ret
040 _aDPL
_bHN
082 _a821.08
_bपालीवा
100 _aपालीवाल, कृष्णदत्त
_944529
245 _aसृजन की नई भूमिका /
_cकृष्णदत्त पालीवाल
246 _aSrijan ki nayi bhumika /
_bby Krishndutt Paliwal
260 _aदिल्ली
_bज्ञान गंगा
_c1997
270 _bदिल्ली
_a205-सी, चावड़ी बाजार
_e110006
300 _a259पृ.
_c20सेमी(सजिल्द)
500 _aअनुक्रमाणिका शामिल
650 _aरघुवीर सहाय -- कविता
_946937
650 _aसमसामयिक कविता और सृजनात्मक आलोचना
_988219
650 _aRaghuvir Sahay - poetry
_988220
650 _aContemporary poetry and creative criticism
_988221
942 _2ddc
_cHN
_h821.08
_mपालीवा
999 _c120045
_d120045